000 00680nam a2200265Ia 4500
003 OSt
005 20221007104128.0
006 a|||||r|||| 00| 0
007 ta
008 221006b |||||||| |||| 00| 0 eng d
020 _a8170121868
024 _a14,992
037 _cTextual
040 _aLCO
_cLCO
_beng
041 _2eng
_aeng
082 _aX8(A):Z, P9
100 _aMalik P.L.
245 0 _aHandbook of Labour and Industrial Law
250 _a12th
260 _aLucknow
_bEastern Book Company India
_c2009
300 _a1255
650 _aLABOUR AND INDUSTRIAL LAW
942 _hX8(A):Z, P9
_cTEXL
999 _c1184555
_d1184555